[Event "Match"]
[Site "www.echecsemail.com"]
[Date "2017.07.23"]
[Round "1"]
[White "Osvalazo"]
[Black "Irene"]
[WhiteElo "1850"]
[BlackElo "2100"]
[Result "1-0"]
[Round "1"]
1.e4 e5
2.Ng1f3 Nb8c6
3.Bf1c4 Ng8f6
4.Nf3g5 d5
5.exd5 Nf6xd5
6.Ng5xf7 Qd8f6
7.Bc4xd5 Bf8c5
8.O-O O-O
9.Nf7xe5 Kh8
10.Ne5f3 Nc6e5
11.d4 Ne5xf3
12.Bd5xf3 Bc5xd4
13.c3 Bd4b6
14.Bc1e3 c5
15.Qd1d3 Bc8f5
16.Bf3e4 Ra8d8
17.Qd3c4 Qf6h4
18.Nb1d2 Rd8xd2
19.Be3xd2 Qh4xe4
20.Qc4xe4 Bf5xe4
21.c4 Be4d3
22.Rf1e1 Bd3xc4
23.Bd2c3 Kg8
24.Re1e7 g6
25.Re7g7 Kh8
26.Rg7xg6 { resign }
1-0

[Event "Match"]
[Site "www.echecsemail.com"]
[Date "2017.07.23"]
[Round "1"]
[White "Bojan"]
[Black "Cjood"]
[WhiteElo "1990"]
[BlackElo "1860"]
[Result "0-1"]
[Round "1"]
1.e4 e6
2.d4 d5
3.exd5 exd5
4.Bc1e3 c5
5.dxc5 Bf8xc5
6.Bf1b5 Bc8d7
7.Bb5xd7 Nb8xd7
8.Qd1e2 Ng8e7
9.c3 O-O
10.Ng1f3 Ne7f5
11.O-O Rf8e8
12.Qe2d3 Nf5xe3
13.Rf1e1 Ne3g4
14.Re1xe8 Qd8xe8
15.Nf3d4 Bc5xd4
16.cxd4 Qe8e1
17.Qd3f1 Qe1xf1
18.Kxf1 Ng4xh2
19.Kg1 Nh2g4
20.Nb1c3 Nd7b6
21.Ra1e1 g6
22.f3 Ng4f6
23.g4 Nb6c4
24.b3 Nc4b6
25.g5 Nf6h5
26.Re1e7 Ra8b8
27.Nc3b5 Nb6c8
28.Re7d7 Kg7
29.Rd7xd5 Nh5f4
30.Rd5d8 Nf4e6
31.Rd8e8 Rb8a8
32.Kf2 Ne6xg5
33.Nb5d6 Nc8b6
34.Re8e5 Ng5e6
35.d5 Ne6c7
36.Re5e7 Nb6xd5
37.Re7xf7 Kh6
38.Nd6xb7 Nc7e6
39.Rf7d7 Nd5c3
40.a3 Ra8b8
41.Nb7d6 Rb8xb3
42.Rd7xa7 Rb3b2
43.Kg3 Ne6d4
44.Kf4 Rb2f2
45.Ke3 Nd4b5
46.Nd6f7 Kh5
47.Ra7a5 Rf2a2
48.Ra5a8 Ra2xa3
49.Ra8h8 Nc3d5
50.Ke4 Nd5f6
51.Ke5 Ra3xf3
52.Ke6 Nb5c7
53.Ke7 Nf6d5
54.Kf8 Nc7e6
55.Ke8 Nd5f6
56.Ke7 Ne6g5
57.Nf7d8 h6
58.Kd6 Nf6g4
59.Kc5 Ng5f7
60.Nd8xf7 Rf3xf7
61.Rh8e8 Rf7f5
62.Kd4 Kg5
63.Re8e2 h5
64.Re2g2 h4
65.Ke4 h3
66.Rg2g1 h2
67.Rg1b1 Ng4f2
{ resign }
0-1

[Event "Match"]
[Site "www.echecsemail.com"]
[Date "2017.07.23"]
[Round "1"]
[White "Cjood"]
[Black "Azocarwagner"]
[WhiteElo "1970"]
[BlackElo "1899"]
[Result "1-0"]
[Round "1"]
1.e4 e5
2.Ng1f3 Nb8c6
3.Bf1c4 h6
4.c3 Ng8f6
5.d3 Bf8c5
6.Bc1e3 Bc5xe3
7.fxe3 O-O
8.Nb1d2 d6
9.h3 a6
10.g4 b5
11.Bc4b3 Bc8e6
12.Bb3xe6 fxe6
13.b4 a5
14.bxa5 Ra8xa5
15.Nd2b3 d5
16.Nb3c5 Qd8e7
17.Nc5b3 Ra5a4
18.exd5 exd5
19.O-O Nf6xg4
20.hxg4 Ra4xg4
21.Kh1 e4
22.Nf3h2 Rg4h4
23.Rf1xf8 Qe7xf8
24.dxe4 Qf8f2
25.Qd1g1 Qf2f3
26.Qg1g2 Qf3xe3
27.Ra1g1 Qe3xc3
28.exd5 Nc6d8
29.Nb3a5 g5
30.Na5b3 Nd8f7
31.Rg1c1 Qc3e3
32.Rc1xc7 g4
33.Rc7c8 Kg7
34.Qg2b2 Kh7
35.Qb2f6 Qe3e1
36.Kg2 Qe1e2
37.Kg1 Qe2xh2
38.Kf1 Qh2h1
39.Ke2 Rh4h2
40.Ke3 Rh2h3
41.Kd4 Qh1d1
42.Kc5 Qd1c2
43.Kxb5 Qc2xc8
44.Qf6xf7 Kh8
45.d6 Qc8b8
46.Kc6 Rh3c3
47.Nb3c5 Qb8a8
48.Kb5 Qa8b8
49.Kc6 Qb8a8
50.Kb6 Qa8d8
51.Qf7c7 Qd8a8
52.d7 Rc3xc5
53.d8Q Qa8xd8
54.Qc7xd8 Kh7
55.Kxc5 g3
56.Qd8h4 g2
57.Qh4e4 { resign }
1-0

[Event "Match"]
[Site "www.echecsemail.com"]
[Date "2017.07.23"]
[Round "1"]
[White "Azorau"]
[Black "Cjood"]
[WhiteElo "1810"]
[BlackElo "2000"]
[Result "0-1"]
[Round "1"]
1.e4 c5
2.Ng1f3 e6
3.d4 d5
4.e5 c4
5.Bc1g5 Qd8a5
6.Bg5d2 Bf8b4
7.c3 Bb4f8
8.Bf1e2 g6
9.O-O Nb8c6
10.Bd2g5 Bf8e7
11.Qd1d2 Be7xg5
12.Qd2xg5 Qa5b5
13.Qg5c1 Ng8e7
14.Nb1a3 Qb5b6
15.Nf3g5 a6
16.Ra1b1 h6
17.Ng5h3 Bc8d7
18.Qc1f4 g5
19.Qf4f6 O-O-O
20.b4 Rd8f8
21.b5 axb5
22.Rb1xb5 Qb6a6
23.Rf1b1 Qa6xa3
24.Rb5xb7 Qa3xa2
25.Rb7b2 Qa2a3
26.Qf6f3 Ne7g6
27.g3 Ng6e7
28.Be2d1 Kd8
29.Kh1 Ke8
30.Nh3g1 Ne7f5
31.Ng1e2 Ke7
32.Ne2c1 h5
33.Rb2a2 g4
34.Ra2xa3 gxf3
35.Bd1xf3 Rf8g8
36.Bf3d1 h4
37.g4 Nf5h6
38.h3 Rg8g5
39.Rb1b7 Rh8d8
40.Ra3a6 Ke8
41.Bd1a4 Rd8c8
42.Ba4xc6 Bd7xc6
43.Rb7b6 Bc6d7
44.f4 Rg5g7
45.g5 Nh6f5
46.Nc1a2 Nf5e7
47.Ra6a7 Bd7c6
48.Kg2 Ne7f5
49.Na2b4 Bc6d7
50.Rb6b7 Rc8d8
51.Nb4a6 Bd7c6
52.Na6c7 Ke7
53.Rb7b6 Bc6d7
54.Rb6b7 Kf8
55.Ra7a8 Rd8xa8
56.Nc7xa8 Bd7c6
57.Rb7b8 Ke7
58.Na8b6 Nf5g3
59.Nb6c8 Kd8
60.Nc8d6 Kc7
61.Rb8h8 Ng3e4
62.Rh8c8 Kd7
63.Rc8h8 Ne4xc3
64.Rh8xh4 Nc3b5
65.Nd6xb5 Bc6xb5
66.Rh4g4 Rg7g8
67.Rg4g3 Rg8c8
68.Rg3c3 Rc8a8
69.Kg3 Ke8
70.h4 Kf8
71.Kg4 Ra8a2
72.Kh5 Ra2f2
73.Kg4 Rf2d2
74.Kh5 Rd2xd4
75.Rc3f3 Rd4d3
76.Rf3f2 c3
77.f5 exf5
78.Kh6 Rd3e3
79.Rf2xf5 c2
80.g6 c1Q
81.g7 Kg8
82.Rf5g5 Re3xe5
83.Kh5 Bb5e2
84.Kh6 Re5xg5
85.hxg5 Qc1h1

0-1

[Event "Match"]
[Site "www.echecsemail.com"]
[Date "2017.07.23"]
[Round "1"]
[White "Azorau"]
[Black "Irene"]
[WhiteElo "1810"]
[BlackElo "2130"]
[Result "0-1"]
[Round "1"]
1.e4 e5
2.Ng1f3 Nb8c6
3.Bf1c4 Ng8f6
4.Nf3g5 d5
5.exd5 Nf6xd5
6.Ng5xf7 Kxf7
7.Qd1f3 Ke8
8.Bc4xd5 Qd8d7
9.Bd5xc6 Qd7xc6
10.Qf3h5 Kd8
11.O-O Bf8d6
12.Qh5g5 Bd6e7
13.Qg5xg7 Qc6f6
14.Qg7g3 b6
15.Qg3d3 Be7d6
16.Nb1c3 Rh8g8
17.Nc3e4 Qf6g6
18.g3 Bc8b7
19.f3 Kd7
20.a3 Ra8d8
21.b4 Kc8
22.b5 Bd6c5
23.Qd3e3 Bc5xe3
24.dxe3 Bb7xe4
25.fxe4 Qg6xe4
26.c3 Qe4d3
27.Ra1a2 Rg8f8
28.Ra2f2 Rf8xf2
29.Rf1xf2 Qd3xc3
30.Rf2f1 Qc3c2
31.h4 Rd8d1
32.Rf1xd1 Qc2xd1
33.Kg2 Qd1xc1
34.Kf3 a6
35.bxa6 c5
36.a7 Kb7
{ resign }
0-1

[Event "1/128 Finale"]
[Site "www.chess-mail.com"]
[Date "2017.07.23"]
[Round "1"]
[White "Ssharp"]
[Black "Piriot"]
[WhiteElo "2330"]
[BlackElo "2450"]
[Result "0-1"]
[Round "1"]
1.e4 e5
2.Ng1f3 Ng8f6
3.Nf3xe5 d6
4.Ne5xf7 Kxf7
5.d4 g6
6.Nb1c3 Kg7
7.Bf1d3 d5
8.e5 Nf6g4
 { time }
0-1

[Event "Tourn. n9428"]
[Site "www.chess-mail.com"]
[Date "2017.07.24"]
[Round "1"]
[White "Awfen"]
[Black "Amaya"]
[WhiteElo "2030"]
[BlackElo "1970"]
[Result "0-1"]
[Round "1"]
1.e4 e6
2.Ng1f3 d5
3.exd5 exd5
4.d4 Ng8f6
5.Bf1b5 c6
6.Bb5e2 Bf8d6
7.O-O O-O
8.Nb1c3 Bc8f5
9.Nf3h4 Bf5e6
10.Bc1g5 Nb8d7
11.Be2d3 Qd8b6
12.Bd3f5 Be6xf5
13.Nh4xf5 Qb6c7
14.Nf5xd6 Qc7xd6
15.Qd1d2 Rf8e8
16.Ra1e1 Nf6e4
17.Nc3xe4 Re8xe4
18.Re1xe4 dxe4
19.c3 Ra8e8
20.Qd2e3 Nd7b6
21.b3 a5
22.f3 Nb6d5
23.Qe3e1 e3
24.c4 Nd5b4
25.Qe1e2 Qd6xd4
26.Rf1d1 Qd4e5
27.f4 Qe5e4
28.f5 f6
29.Bg5xf6 gxf6
30.Rd1f1 Kh8
31.Rf1d1 Re8g8
32.Rd1e1 Nb4d3
33.Qe2xe3 Qe4xg2

0-1

[Event "Tourn. n9428"]
[Site "www.chess-mail.com"]
[Date "2017.07.24"]
[Round "1"]
[White "Malbertan"]
[Black "Awfen"]
[WhiteElo "2040"]
[BlackElo "2030"]
[Result "0-1"]
[Round "1"]
1.e4 Nb8c6
2.d4 e5
3.d5 Nc6b4
4.Bc1d2 c6
5.a3 Nb4a6
6.Bf1xa6 bxa6
7.Nb1c3 c5
8.Ng1f3 d6
9.O-O Bf8e7
10.Qd1e2 Ng8f6
11.Nf3g5 O-O
12.f4 Bc8g4
13.Qe2xa6 Bg4c8
14.Qa6e2 Bc8g4
15.Qe2f2 exf4
16.Bd2xf4 Bg4d7
17.e5 Nf6g4
18.Qf2h4 h6
19.exd6 Be7xg5
20.Bf4xg5 hxg5
21.Qh4g3 Ra8b8
22.b3 f5
23.h3 f4
24.Qg3d3 Ng4e3
25.Rf1e1 Bd7f5
26.Qd3e2 Qd8xd6
27.Ra1c1 a6
28.Qe2h5 Qd6f6
29.Nc3a4 Ne3xc2
{ resign }
0-1

[Event "Tourn. n9387"]
[Site "www.chess-mail.com"]
[Date "2017.07.24"]
[Round "1"]
[White "Picifarkinca"]
[Black "Hundegana"]
[WhiteElo "2020"]
[BlackElo "2000"]
[Result "1-0"]
[Round "1"]
1.e4 c5
2.b4 cxb4
3.a3 bxa3
4.Bc1xa3 d6
5.Ng1f3 Nb8c6
6.d4 a6
7.Bf1c4 b5
8.Bc4d5 Qd8b6
9.c3 Bc8e6
10.Bd5xe6 fxe6
11.O-O Ng8f6
12.Rf1e1 Nc6a5
13.Nb1d2 h6
14.e5 Nf6d5
15.exd6 Nd5xc3
16.d7 Kxd7
17.Nf3e5 Kd8
18.Qd1f3 Nc3d5
19.Ne5f7 Kd7
20.Nf7xh8 Qb6xd4
21.Nh8g6 Qd4f6
22.Ng6e5 Kd8
23.Ba3xe7 Bf8xe7
24.Ra1xa5 Qf6xf3
25.Ne5xf3 Kd7
26.Nf3e5 Ke8
27.Ne5g6 Kf7
28.Ng6xe7 Kxe7
29.Nd2e4 Nd5c7
30.Ne4c5 g5
31.Re1a1 Kd6
32.Nc5xa6 Nc7xa6
33.Ra5xa6 Ra8xa6
34.Ra1xa6 Kd5
35.Ra6b6 Kc4
36.Rb6xe6 h5
37.Kf1 b4
38.Ke1 Kc3
39.Kd1 g4
40.Re6c6 Kb2
41.Rc6c2 Kb1
42.Rc2c1 Kb2
43.Rc1c5 h4
44.Rc5g5 g3
45.fxg3 hxg3
46.Rg5xg3 b3
47.h4 Ka2
48.Rg3xb3 Kxb3
49.h5 Kc4
50.h6 Kd5
51.h7 Ke6
52.h8R Kf7
53.Rh8h6 Kg7
54.Rh6a6 Kf7
55.Kd2 Kg7
56.Kd3 Kf7
57.Kd4 Kg7
58.Ke5 Kf7
59.g3 Ke7
60.Ra6a7 Kf8
61.Ke6 Kg8
62.Kf6 Kh8
63.Kg6 Kg8
64.Ra7a8 { resign }
1-0

[Event "Tourn. n9337"]
[Site "www.chess-mail.com"]
[Date "2017.07.24"]
[Round "1"]
[White "Odin"]
[Black "Falcoale"]
[WhiteElo "1800"]
[BlackElo "1950"]
[Result "0-1"]
[Round "1"]
1.c4 Ng8f6
2.e3 e6
3.Nb1c3 c5
4.d4 cxd4
5.exd4 d5
6.Bc1g5 h6
7.Bg5h4 Bf8e7
8.cxd5 exd5
9.Bf1b5 Bc8d7
10.Ng1f3 O-O
11.Bb5xd7 Qd8xd7
12.O-O Nb8c6
13.Rf1e1 a6
14.Nf3e5 Qd7c7
15.Bh4xf6 Be7xf6
16.Ne5f3 Ra8d8
17.Nc3e2 Rf8e8
18.a3 Re8e4
19.Ne2g3 Re4xe1
20.Nf3xe1 Bf6xd4
21.Ra1b1 Qc7b6
22.Qd1c2 Rd8c8
23.Qc2f5 Nc6e7
24.Qf5f4 Bd4c5
25.Ne1d3 Bc5xa3
26.Ng3f5 Ne7xf5
27.Qf4xf5 Rc8f8
28.Nd3e5 Qb6b5
29.h3 Ba3c5
30.Ne5d7 Rf8d8
31.Nd7e5 f6
32.Qf5e6 Kh7
33.Qe6f5 Kg8
34.b3 fxe5
35.Qf5e6 Kh8
36.Qe6f7 Rd8f8
37.Qf7g6 Rf8xf2
38.Kh2 Bc5e3
39.Qg6g3 Be3f4
{ resign }
0-1

[Event "Tourn. n9433"]
[Site "www.chess-mail.com"]
[Date "2017.07.24"]
[Round "1"]
[White "Madz123456"]
[Black "Aiko1603"]
[WhiteElo "1970"]
[BlackElo "2030"]
[Result "0-1"]
[Round "1"]
1.e4 c5
2.Ng1f3 Nb8c6
3.d4 cxd4
4.Nf3xd4 g6
5.Nb1c3 Bf8g7
6.Bc1e3 d6
7.Bf1c4 Ng8f6
8.f3 O-O
9.Qd1d2 Nc6e5
10.Bc4b3 Nf6d7
11.f4 Ne5g4
12.Nd4e6 fxe6
13.Bb3xe6 Kh8
 { time }
0-1

[Event "Tourn. n9435"]
[Site "www.chess-mail.com"]
[Date "2017.07.24"]
[Round "1"]
[White "Estonia"]
[Black "Bira47"]
[WhiteElo "2020"]
[BlackElo "2090"]
[Result "0-1"]
[Round "1"]
1.g3 c5
2.e4 e6
3.Bf1g2 Nb8c6
4.Ng1f3 h6
5.d4 cxd4
6.Nf3xd4 Nc6xd4
7.Qd1xd4 Ng8f6
8.c4 b6
9.Nb1c3 Bc8b7
10.O-O Bf8c5
11.Qd4d3 O-O
12.h3 Qd8c7
13.a3 a6
14.b4 Bc5d6
15.Bc1b2 Bd6e5
16.Ra1b1 Ra8c8
17.c5 bxc5
18.b5 c4
19.Qd3e2 d5
20.exd5 Be5xc3
21.Bb2xc3 Nf6xd5
22.Bg2xd5 exd5
23.b6 Qc7d7
24.Qe2e5 f6
25.Qe5d4 Rf8e8
26.Kh2 Re8e4
27.Qd4d2 d4
28.Bc3b4 Qd7d5
29.Rb1e1 Re4xe1
30.Rf1xe1 Qd5g2

0-1

[Event "Tourn. n9421"]
[Site "www.chess-mail.com"]
[Date "2017.07.24"]
[Round "1"]
[White "Sorim"]
[Black "Astroboy"]
[WhiteElo "1850"]
[BlackElo "2080"]
[Result "0-1"]
[Round "1"]
1.e4 c6
2.c4 d5
3.exd5 cxd5
4.d4 Ng8f6
5.Nb1c3 Nb8c6
6.Ng1f3 Bc8g4
7.Qd1b3 Bg4xf3
8.gxf3 Nc6xd4
9.Qb3a4 Qd8d7
10.Nc3b5 Nd4xb5
11.cxb5 e5
12.Bc1g5 Bf8e7
13.h4 h6
14.Bf1h3 Qd7d6
15.b6 Nf6d7
16.Bg5d2 Qd6c6
17.Qa4g4 Nd7c5
18.Qg4xg7 Be7f6
19.Qg7g4 Nc5d3
20.Kf1 axb6
21.Kg2 Ra8a4
22.Qg4f5 Rh8g8
23.Bh3g4 e4
24.fxe4 Ra4xe4
25.f3 Re4e2
26.Kh3 Nd3f2
{ resign }
0-1

[Event "Tourn. n9407"]
[Site "www.chess-mail.com"]
[Date "2017.07.24"]
[Round "1"]
[White "Albertf"]
[Black "Ditto"]
[WhiteElo "1850"]
[BlackElo "1830"]
[Result "0-1"]
[Round "1"]
1.d4 d5
2.c4 c6
3.e3 Bc8f5
4.Nb1c3 e6
5.Ng1f3 Bf8b4
6.Bc1d2 Ng8f6
7.cxd5 cxd5
8.Bf1b5 Nb8d7
9.Qd1a4 Bb4d6
10.Nf3e5 Bd6xe5
11.dxe5 Nf6g4
12.h3 Ng4h6
13.Bb5xd7 Qd8xd7
14.Qa4xd7 Kxd7
15.O-O a6
16.g4 Bf5d3
17.Rf1c1 Nh6g8
18.Nc3a4 Ng8e7
 { time }
0-1

[Event "Tourn. n9428"]
[Site "www.chess-mail.com"]
[Date "2017.07.24"]
[Round "1"]
[White "Amaya"]
[Black "Gvladutz"]
[WhiteElo "1970"]
[BlackElo "2079"]
[Result "0-1"]
[Round "1"]
1.d4 Ng8f6
2.e3 b6
3.f4 e6
4.Bf1d3 d5
5.Nb1d2 c5
6.c3 Bc8b7
7.Ng1f3 Bf8d6
8.O-O O-O
9.Nf3e5 Qd8c7
10.Qd1f3 Rf8d8
11.a3 Nb8d7
12.g4 Bd6e7
13.g5 Nf6e4
14.Nd2xe4 dxe4
15.Bd3xe4 Nd7xe5
16.fxe5 Bb7xe4
17.Qf3xe4 Be7xg5
18.Qe4g4 Qc7e7
19.e4 Bg5xc1
20.Ra1xc1 cxd4
21.cxd4 Rd8xd4
22.Rf1f4 Ra8d8
23.Rc1f1 Rd4d2
24.Qg4h5 g6
25.Qh5h6 Qe7c5
26.Kh1 Qc5xe5
27.Qh6h4 Rd8d7
28.Rf1c1 Rd2xb2
29.Qh4h6 Rb2d2
30.Rc1c8 Rd7d8
31.Rc8c1 Rd2d1
32.Rc1xd1 Rd8xd1
33.Kg2 Rd1d2
34.Kh3 Qe5c3
35.Kg4 Rd2g2
{ resign }
0-1

[Event "Tourn. n9448"]
[Site "www.chess-mail.com"]
[Date "2017.07.24"]
[Round "1"]
[White "Cjood"]
[Black "Madz123456"]
[WhiteElo "2140"]
[BlackElo "2050"]
[Result "1-0"]
[Round "1"]
1.c4 e5
2.Nb1c3 Bf8b4
3.e4 Bb4xc3
4.dxc3 d6
5.Bc1e3 Ng8f6
6.Bf1d3 O-O
7.h3 a5
8.Ng1e2  { time }
1-0

[Event "Match"]
[Site "www.echecsemail.com"]
[Date "2017.07.24"]
[Round "1"]
[White "Ketchuplover"]
[Black "Billyg"]
[WhiteElo "1770"]
[BlackElo "1700"]
[Result "1/2-1/2"]
[Round "1"]
1.Ng1f3 e6
2.c4 d5
3.e3 Ng8f6
4.Bf1e2 a6
5.cxd5 exd5
6.O-O Bf8d6
7.Nb1c3 O-O
8.b3 Bc8g4
9.h3 Bg4xf3
10.Be2xf3 c6
11.Bc1b2 Qd8c7
12.Qd1c2 Nb8d7
13.a4 b5
14.Rf1c1 Nd7e5
15.Bf3e2 Ne5g6
16.axb5 axb5
17.Nc3xb5 cxb5
18.Qc2xc7 Bd6xc7
19.Rc1xc7 Ra8xa1
20.Bb2xa1 Nf6e4
21.d3 Ne4g5
22.Rc7c5 Rf8a8
23.Ba1d4 Ng6e7
24.Rc5xb5 Ng5e6
25.Be2f3 Ne6xd4
26.exd4 Ra8d8
27.Rb5b6 Ne7g6
28.g3 Ng6e7
29.g4 f5
30.b4 Ne7g6
31.Rb6xg6 hxg6
32.gxf5 gxf5
33.Kf1 Kf7
34.Ke2 Ke6
35.Kd2 g5
36.Kc3 Rd8h8
37.Bf3g2 Rh8g8
38.b5 Kd6
39.Kb4 Rg8d8
40.b6 Kc6
41.Ka5 { draw }
1/2-1/2

[Event "Match"]
[Site "www.echecsemail.com"]
[Date "2017.07.24"]
[Round "1"]
[White "Sonny1000"]
[Black "Wagner"]
[WhiteElo "1440"]
[BlackElo "1830"]
[Result "1-0"]
[Round "1"]
1.d4 d5
2.c3 Nb8c6
3.b4 b5
4.Ng1f3 f6
5.Bc1f4 g5
6.Bf4g3 h5
7.e3 a6
8.Nb1d2 h4
9.Nf3xh4 gxh4
10.Bg3f4 e5
11.h3 exf4
{ time. }
1-0

[Event "Match"]
[Site "www.echecsemail.com"]
[Date "2017.07.24"]
[Round "1"]
[White "Carazo"]
[Black "Wagner"]
[WhiteElo "1600"]
[BlackElo "1820"]
[Result "1-0"]
[Round "1"]
1.e4 e5
2.Ng1f3 f6
3.d4 exd4
4.Qd1xd4 c5
5.Qd4c4 Nb8c6
6.Bf1d3 a6
7.O-O d6
8.h3 g5
9.g4 Qd8e7
10.Rf1e1 Bc8e6
11.Qc4c3 Bf8g7
12.e5 dxe5
13.Bc1e3 b6
14.Nb1d2 Qe7f7
15.b3 Ng8e7
16.Nd2e4 Ne7c8
17.a4 a5
18.Bd3b5 Nc8a7
19.Ne4d6 Ke7
20.Nd6xf7 Be6xf7
21.Ra1d1 e4
22.Nf3d2 h5
23.f3 hxg4
24.Bb5xc6 Na7xc6
25.fxg4 Rh8xh3
26.Kg2 Ra8h8
27.Re1h1 Rh3h4
28.Kg3 Nc6e5
29.Nd2xe4 Rh4xg4
30.Kf2 Rg4xe4
31.Qc3d2 Ne5g4
32.Kf3 f5
33.Be3xg5 Ng4f6
34.Bg5xf6 Bg7xf6
35.Qd2d7 Kf8
36.Qd7xf5 Re4e6
37.Rh1xh8 Bf6xh8
38.Qf5h7 Re6f6
39.Ke2 Rf6e6
40.Kd2 Re6d6
41.Kc1 Rd6xd1
42.Kxd1 Bh8g7
43.Qh7d3 Bg7f6
44.Qd3b5 Bf7h5
45.Kc1 Bf6d8
46.Qb5f1 Bh5f7
47.Qf1f4 Ke8
48.c4 Ke7
49.Kd2 Bf7e6
50.Ke3 Kd7
51.Ke4 Bd8e7
52.Qf4b8 Be7d8
53.Qb8b7 Kd6
54.Qb7b8 Bd8c7
55.Qb8f8 Kd7
56.Qf8g7 Kd6
57.Qg7e5 Kd7
58.Qe5g7 Kd6
59.Kf4 Kc6
60.Kg5 Be6d7
61.Qg7h7 Bc7d6
{ time. }
1-0

[Event "1/16 Finale"]
[Site "www.chess-mail.com"]
[Date "2017.07.24"]
[Round "1"]
[White "Stepanpech"]
[Black "Ssharp"]
[WhiteElo "2480"]
[BlackElo "2310"]
[Result "1-0"]
[Round "1"]
1.e4 e6
2.d4 d5
3.Nb1d2 c5
4.exd5 exd5
5.Ng1f3 Ng8f6
6.Bf1b5 Bc8d7
7.Bb5xd7 Nb8xd7
8.O-O Bf8e7
9.dxc5 Nd7xc5
10.Nf3d4 O-O
11.Nd4f5 Rf8e8
12.Nd2b3 Nc5e6
13.Bc1e3 Be7f8
14.c3 Qd8c7
15.Nb3d4 a6
16.Rf1e1 Ra8d8
17.Ra1c1 g6
18.Nd4xe6  { time }
1-0

[Event "1/16 Finale"]
[Site "www.chess-mail.com"]
[Date "2017.07.24"]
[Round "1"]
[White "Llord"]
[Black "Asoka"]
[WhiteElo "1940"]
[BlackElo "2740"]
[Result "0-1"]
[Round "1"]
1.e4 c5
2.Bf1c4 e6
3.Ng1f3 d5
4.exd5 exd5
5.Bc4b5 Nb8c6
6.O-O Ng8f6
7.Nf3e5 Qd8c7
8.Rf1e1 Bf8e7
9.d3 O-O
10.Ne5xc6 bxc6
11.Bb5a4 Be7d6
12.g3 Bc8g4
13.Qd1d2 Ra8e8
14.Nb1c3 Qc7c8
15.a3 Bg4f3
16.Nc3e2 Qc8h3
{ resign }
0-1

[Event "Eq:Good team-Slap Shot Mates : "]
[Site "www.chess-mail.com"]
[Date "2017.07.24"]
[Round "1"]
[White "Geodad5"]
[Black "Jaroslavpech"]
[WhiteElo "2140"]
[BlackElo "2140"]
[Result "0-1"]
[Round "1"]
1.e4 e5
2.Ng1f3 Nb8c6
3.d4 exd4
4.Nf3xd4 Bf8c5
5.Nd4b3 Bc5b6
6.Nb1c3 Ng8f6
7.Bf1e2 d6
8.O-O h6
9.Nc3a4 Nf6xe4
10.Na4xb6 axb6
11.Be2d3 Ne4f6
12.Rf1e1 Bc8e6
13.Bc1d2 O-O
14.c3 Qd8d7
15.Qd1c2 Rf8e8
16.f3 Nc6e5
17.Nb3d4 Ne5xd3
18.Qc2xd3 Ra8xa2
19.Ra1xa2 Be6xa2
20.b3 Re8xe1
21.Bd2xe1 c5
22.Nd4b5 d5
23.Qd3c2 Qd7xb5
24.b4 Ba2c4
25.h3 d4
26.cxd4 cxb4
27.Qc2b2 Nf6d5
28.Kf2 Nd5f4
29.Kg1 Nf4d3
30.Qb2d2 Nd3xe1
31.Qd2xe1 b3
{ resign }
0-1

[Event "Tourn. n9394"]
[Site "www.chess-mail.com"]
[Date "2017.07.25"]
[Round "1"]
[White "Sorento"]
[Black "Numanoid"]
[WhiteElo "2440"]
[BlackElo "2470"]
[Result "1-0"]
[Round "1"]
1.d4 e6
2.e4 d5
3.Nb1c3 Ng8f6
4.e5 Nf6d7
5.f4 c5
6.Ng1f3 Nb8c6
7.Bc1e3 a6
8.Qd1d2 b5
9.a3 Qd8a5
10.Ra1b1 Ra8b8
11.g3 Bf8e7
12.dxc5 b4
13.axb4 Rb8xb4
14.Nf3d4 Nc6xd4
15.Be3xd4 Be7xc5
16.Nc3e2 Qa5b6
17.c3 Rb4a4
18.b4 Bc5xd4
19.Ne2xd4 a5
20.Bf1b5 Ra4a3
21.Qd2b2 axb4
22.Bb5xd7 Bc8xd7
23.Qb2xa3 { resign }
1-0

[Event "Tourn. n9450"]
[Site "www.chess-mail.com"]
[Date "2017.07.25"]
[Round "1"]
[White "Carebear"]
[Black "Lucaschess"]
[WhiteElo "2289"]
[BlackElo "2080"]
[Result "1-0"]
[Round "1"]
1.d4 d5
2.c4 dxc4
3.e4 e5
4.Ng1f3 exd4
5.Bf1xc4 Bf8e7
6.Qd1b3 Nb8d7
7.Bc4xf7 Kf8
8.Bf7c4 Be7f6
9.O-O Ng8e7
10.Nf3g5 Bf6xg5
11.Bc1xg5 Nd7e5
12.Nb1d2 Qd8d6
13.f4 Ne5xc4
14.Nd2xc4 Qd6e6
15.f5 Qe6xe4
16.Ra1e1 { resign }
1-0

[Event "Tourn. n9337"]
[Site "www.chess-mail.com"]
[Date "2017.07.25"]
[Round "1"]
[White "Aiko1603"]
[Black "Odin"]
[WhiteElo "1980"]
[BlackElo "1800"]
[Result "1-0"]
[Round "1"]
1.c4 e5
2.Nb1c3 Ng8f6
3.g3 d6
4.Bf1g2 Bc8f5
5.d3 Nb8c6
6.Ng1f3 Bf8e7
7.O-O h6
8.Nf3h4 Bf5h7
9.Bg2xc6 bxc6
10.Bc1e3 d5
11.cxd5 cxd5
12.Be3d2 Ra8b8
13.b3 e4
14.dxe4 dxe4
15.e3 Be7b4
16.Qd1e2 O-O
17.Ra1d1 Qd8c8
18.Qe2c4 a5
19.Nc3d5 c6
20.Nd5xf6 gxf6
21.Bd2c1 Bb4e7
22.Bc1b2 a4
23.Nh4g2 Rb8b4
24.Qc4c3 axb3
25.axb3 Qc8b7
26.Rd1b1 c5
27.Bb2a3 Rb4b5
28.Qc3c4 Bh7f5
29.Ng2f4 Rf8b8
30.Nf4d5 Be7d8
31.b4 Bf5e6
32.Rf1d1 Be6g4
33.Rd1d2 Bd8a5
34.Nd5xf6 Kg7
35.Nf6xg4 Ba5xb4
36.Ba3xb4 Rb5xb4
37.Rb1xb4 cxb4
38.Ng4e5 Rb8c8
39.Qc4b3 Rc8c3
40.Qb3b2 Qb7b5
41.Ne5d7 f6
42.Rd2d4 Rc3d3
43.Rd4xd3 exd3
44.Qb2xf6 Kg8
45.Qf6f8 Kh7
46.Qf8f7 Kh8
47.Nd7f6 { resign }
1-0

[Event "Tourn. n9467"]
[Site "www.chess-mail.com"]
[Date "2017.07.25"]
[Round "1"]
[White "Cjood"]
[Black "Pyssso"]
[WhiteElo "1900"]
[BlackElo "1809"]
[Result "0-1"]
[Round "1"]
1.e4 c6
2.d4 d5
3.e5 Bc8f5
4.Bf1d3 Bf5xd3
5.Qd1xd3 e6
6.c3 Qd8b6
7.a4 Ng8e7
8.b4 g6
9.Ng1f3 Bf8g7
10.g4 h5
11.g5 a5
12.b5 Nb8d7
13.Nf3h4 c5
14.Bc1e3 Ra8c8
15.Nb1d2 Qb6c7
16.Ra1c1 cxd4
17.Be3xd4 Nd7xe5
18.Qd3c2 O-O
19.f4 Ne5g4
20.Bd4xg7 Kxg7
21.Nh4g2 Ne7f5
22.Ke2 Qc7b6
23.Rc1f1 Nf5d4
{ resign }
0-1

[Event "Tourn. n9448"]
[Site "www.chess-mail.com"]
[Date "2017.07.25"]
[Round "1"]
[White "Picifarkinca"]
[Black "Cjood"]
[WhiteElo "1940"]
[BlackElo "2080"]
[Result "1-0"]
[Round "1"]
1.b3 Ng8f6
2.Bc1b2 e6
3.c4 c5
4.g3 g6
5.Bf1g2 Bf8e7
6.g4 O-O
7.g5 Nf6h5
8.h4 Nh5f4
9.Bg2f3 Nb8c6
10.d3 d5
11.e3 Nf4h5
12.Bf3xh5 gxh5
13.Qd1xh5 d4
14.Ng1e2 e5
15.e4 Nc6b4
16.Kd2 Nb4c6
17.Nb1a3 Nc6b4
18.Na3c2 Nb4c6
19.Ra1g1 Qd8e8
20.Kc1 Bc8e6
21.Kb1 Kh8
22.a3 f5
23.g6 Qe8xg6
24.Rg1xg6 Be6f7
25.exf5 Be7f6
26.Qh5xh7 { resign }
1-0

[Event "Tourn. n9419"]
[Site "www.chess-mail.com"]
[Date "2017.07.25"]
[Round "1"]
[White "Bojan"]
[Black "Scasan55"]
[WhiteElo "1960"]
[BlackElo "1980"]
[Result "0-1"]
[Round "1"]
1.e4 c5
2.Ng1f3 d6
3.c3 Ng8f6
4.Qd1c2 Nb8c6
5.d4 cxd4
6.cxd4 e6
7.a3 a6
8.Bc1g5 Bf8e7
9.Nb1c3 O-O
10.Ra1d1 Qd8c7
11.Bf1e2 h6
12.Bg5h4 b5
13.Bh4g3 Bc8b7
14.h3 Rf8c8
15.Qc2d3 Nc6a5
16.Rd1c1 Na5c4
17.Rc1c2 Ra8b8
18.Be2d1 Nc4xb2
19.Qd3d2 Nb2c4
20.Qd2c1 Nf6xe4
21.Bd1e2 Ne4xg3
22.Be2xc4 Ng3xh1
23.Bc4e2 Qc7b6
24.Qc1d2 e5
25.Kf1 Bb7xf3
26.Be2xf3 exd4
27.Nc3d5 Qb6a7
28.Rc2b2 Be7g5
29.Qd2d3 Rc8c1
30.Ke2 Rb8e8
31.Bf3e4 f5
32.f4 fxe4
33.Qd3b3 Kh8
34.fxg5 d3
35.Kd2 Re8c8
36.Nd5e3 Rc1c2
37.Rb2xc2 dxc2
38.Ne3xc2 Qa7f2
39.Kc1 Qf2xc2
40.Qb3xc2 Rc8xc2
{ resign }
0-1

[Event "Tourn. n9458"]
[Site "www.chess-mail.com"]
[Date "2017.07.25"]
[Round "1"]
[White "Luban"]
[Black "Astroboy"]
[WhiteElo "2170"]
[BlackElo "2300"]
[Result "0-1"]
[Round "1"]
1.d4 e6
2.c4 Bf8b4
3.Bc1d2 Qd8e7
4.Nb1c3 Ng8f6
5.e3 d5
6.Ng1f3 O-O
7.Qd1c2 c6
8.Bf1d3 dxc4
9.Bd3xc4 b5
10.Bc4d3 Nb8d7
11.O-O Bc8b7
12.e4 e5
13.a3 Bb4d6
14.Ra1d1 a6
15.b4 Ra8c8
16.Bd2g5 h6
17.dxe5 Nd7xe5
18.Nf3xe5 hxg5
19.Ne5f3 c5
20.Qc2b2 cxb4
21.axb4 g4
22.Nf3d4 Bd6xb4
23.Nd4f5 Qe7e5
24.Nc3a4 Qe5xb2
25.Na4xb2 Nf6xe4
{ resign }
0-1

[Event "Tourn. n9442"]
[Site "www.chess-mail.com"]
[Date "2017.07.25"]
[Round "1"]
[White "Cristiano"]
[Black "Pachi"]
[WhiteElo "1550"]
[BlackElo "1620"]
[Result "1-0"]
[Round "1"]
1.e4 e5
2.f4 exf4
3.Ng1f3 f6
4.d4 g5
5.h4 h5
6.Bf1c4 Ng8e7
7.hxg5 d5
8.exd5 Ne7xd5
9.Qd1e2 Bf8e7
10.Bc4xd5 Qd8xd5
11.gxf6 Bc8g4
12.Qe2xe7 
1-0

[Event "Tourn. n9319"]
[Site "www.chess-mail.com"]
[Date "2017.07.25"]
[Round "1"]
[White "Roserl"]
[Black "Chessington"]
[WhiteElo "2200"]
[BlackElo "2240"]
[Result "0-1"]
[Round "1"]
1.e4 e6
2.d4 d5
3.Nb1c3 Ng8f6
4.Bc1g5 Bf8b4
5.e5 h6
6.Bg5d2 Bb4xc3
7.bxc3 Nf6e4
8.Qd1g4 Kf8
9.h4 c5
10.Bf1d3 Ne4xd2
11.Kxd2 Nb8c6
12.Rh1h3 c4
13.Bd3e2 Kg8
14.Rh3g3 Qd8f8
15.Ng1h3 Rh8h7
16.Nh3f4 Kh8
17.Nf4h5 Bc8d7
18.Ra1b1 b6
19.Rg3f3 Qf8e7
20.Rf3g3 Ra8f8
21.Qg4f4 Rf8g8
22.Rg3h3 Qe7f8
23.g4 Nc6e7
24.Rb1g1 b5
25.g5 Ne7g6
26.Qf4e3 b4
27.gxh6 Rh7xh6
28.Nh5xg7 bxc3
29.Ke1 Qf8xg7
30.h5 Qg7h7
31.Rh3g3 Ng6e7
32.Qe3f4 Bd7e8
33.Be2d1 Rg8xg3
34.Rg1xg3 Ne7f5
35.Rg3xc3 f6
36.Rc3a3 Be8xh5
37.exf6 Bh5xd1
38.Kxd1 Qh7b7
39.Qf4g5 Rh6h1
40.Kd2 Qb7b2
{ resign }
0-1